Movies Quiz

Random Movies or Disney Quiz
Score 0/6 Timer 01:30
0 Plays Today
% Correct
Winnie the Pooh
84.7%
Cheshire Cat
82.7%
Kaa
79.8%
Mr. Stork
76.9%
Roquefort
74.4%
Flower
66%
Remove Ads.
Support Sporcle.
Get the best of Sporcle when you Go Orange. This ad-free experience offers more features, more stats, and more fun while also helping to support Sporcle. Thank you for becoming a member.

You're not logged in!

Compare scores with friends on all Sporcle quizzes.
OR
Log In

Show Comments

Extras

Top Quizzes Today


Score Distribution

Your Account Isn't Verified!

In order to create a playlist on Sporcle, you need to verify the email address you used during registration. Go to your Sporcle Settings to finish the process.

Report this User

Report this user for behavior that violates our Community Guidelines.

Details: